00192nam a2200073 45000820008000002450038000082600061000463000011001070 a96610aThe nationalist movement in sudan aKhartoumbInstitute of African and Asian Studiescc.1989 a438 p.